00281nam a2200109Ia 4500008004100000100002400041245002400065260004300089650001500132942000700147999001700154190216s9999||||xx |||||||||||||| ||und|| aRaja Raja Varma A R 0aSwapna Vasavadatham bSahithya Pravarthaka Sahakarana Sangam aKavithakal cBK c24352d24352